LIBRARY & INFORMATION CENTRE, KCAET, TAVANUR

ONLINE PUBLIC ACCESS CATALOGUE (OPAC)

Manual of Indian timbers / (Record no. 8011)

MARC details
000 -LEADER
fixed length control field 00456cam a2200181ua 4500
041 ## - LANGUAGE CODE
Language code of text/sound track or separate title eng
082 ## - DEWEY DECIMAL CLASSIFICATION NUMBER
Classification number 028.72338
Item number GAM/MA
100 ## - MAIN ENTRY--AUTHOR NAME
Personal name Gamble, J S .
245 ## - TITLE STATEMENT
Title Manual of Indian timbers /
250 ## - EDITION STATEMENT
Edition statement 2 /
260 ## - PUBLICATION, DISTRIBUTION, ETC. (IMPRINT)
Place of publication Dehradun :
Name of publisher International book distributing co. ,
Year of publication 1985.
300 ## - PHYSICAL DESCRIPTION
Number of Pages 868 ; .
942 ## - ADDED ENTRY ELEMENTS (KOHA)
Koha item type Books
Holdings
Withdrawn status Lost status Damaged status Home library Current library Date acquired Full call number Accession Number Koha item type
      KAUAET   07/04/2012 028.72338 16365 Books
free website counter